| 000 | 00917 a2200229 4500 | ||
|---|---|---|---|
| 001 | 44011 | ||
| 005 | 20260407155720.0 | ||
| 008 | 260407a2013 arg spa d | ||
| 003 | AR-UNSa-BCEJYS | ||
| 040 |
_aAR-UNSa-BCEJYS _bspa _cAR-UNSa-BCEJYS |
||
| 080 |
_a001.8 _xMetodología. Estudio general del método. Procedimientos científicos y técnicos para el estudio, La investigación y la discusión |
||
| 245 | 1 | 0 |
_aCómo redactar un paper _pla escritura de artículos científicos |
| 020 | _a978-987-538-356-2 | ||
| 264 | 1 |
_aBuenos Aires : _bNoveduc _c2013 |
|
| 300 |
_a183 p. _c28 cm. |
||
| 505 | _a1. El texto escrito - 2. El género - 3. La subjetividad - 4. Los problemas concretos | ||
| 041 | _aspa | ||
| 942 | _cBK | ||
| 590 | _aniveau_biblio:m niveau_hierar:0 | ||
| 100 | 1 | _aRamirez Gelbes, Silvia | |
| 856 | 4 | 1 |
_uhttps://biblioeco.unsa.edu.ar/pmb/images/libros/L126853.jpg _yImagen de portada _qimage/jpeg |
| 999 |
_c3774 _d3774 |
||